000 004560000a22001810004500
003 LK-CoMWRAF
008 230817t ||||| |||| 00| 0 eng d
020 _a8124309019
040 _aLK-CoMWRAF
_dLK-CoMWRAF
_eLK-CoMWRAF
041 _aeng
082 _a800
_bMIS
100 _aMistry, Nirmala C.
245 _aEmbroidery Designs
_bFlowers and Butterflies
260 _bNavneet
_aIndia
_c
300 _ap.120
650 _aTraining Materials
942 _cBK
999 _c1305
_d1305